| 000 | 00371nam a2200121Ia 4500 | ||
|---|---|---|---|
| 008 | 130320s9999 xx 000 0 und d | ||
| 100 | _aSaiju S | ||
| 245 | _aINET management system (INETMS) | ||
| 502 |
_bMCA _dEXT _eElizabeth Sherly _hUniversity of Kerala |
||
| 650 | _aONLINE EXAMINATION | ||
| 650 | _aIIITMK NATIONAL ENTRANCE TEST MANAGEMENT SYSTEM | ||
| 700 | _aPraveen D.R | ||
| 999 |
_c2749 _d2749 |
||